000
00263nam a2200097Ia 4500
001
945397
005
20250826215422.0
008
250824s9999 xx 000 0 und d
245
0
_a
DEĞERLİ MADENLER DOĞAL TAŞALR
_c
ERDAL ÇAKICIOĞLU
260
_b
AKVARYUM YAYINLARI
999
_c
945397
_d
945397